000 00467nam a2200181Ia 4500
001 18829
005 20260306171659.0
008 260306s9999||||xx |||||||||||||| ||und||
041 _aESP
082 _a658.5
_bP42F
100 _aPeña Esteban, Francisco David de la
_eAUT
245 0 _aFundamentos de dirección de producción y operaciones
260 _c2016
300 _a423 páginas
_c24 cm.
650 _aGEN
654 _aCAN
942 _cLIB
_dJUS
_fJUS
_2ddc
_n
999 _c18829
_d18829